The synoptic gospels: (Record no. 16328)

MARC details
000 -LEADER
fixed length control field 00560nam a2200145Ia 4500
008 - FIXED-LENGTH DATA ELEMENTS--GENERAL INFORMATION
fixed length control field 081213s9999 xx 000 0 und d
050 ## - LIBRARY OF CONGRESS CALL NUMBER
Classification number BS2555.3
Item number .T46
100 ## - MAIN ENTRY--PERSONAL NAME
Personal name THOMPSON, J.M.
245 ## - TITLE STATEMENT
Title The synoptic gospels:
Remainder of title arranged in parallel columns/
Statement of responsibility, etc J. M. Thompson
Medium Book
260 ## - PUBLICATION, DISTRIBUTION, ETC. (IMPRINT)
Date of publication, distribution, etc 1910
Place of publication, distribution, etc London
Name of publisher, distributor, etc Oxford university press
300 ## - PHYSICAL DESCRIPTION
Extent xxvii, 161 p.
Dimensions 26 cm.
650 ## - SUBJECT ADDED ENTRY--TOPICAL TERM
Topical term or geographic name as entry element BIBLE.N.T. GOSPELS
942 ## - ADDED ENTRY ELEMENTS (KOHA)
Item type Book
Source of classification or shelving scheme Library of Congress Classification
Holdings
Withdrawn status Lost status Source of classification or shelving scheme Damaged status Not for loan Collection code Home library Current library Shelving location Date acquired Total Checkouts Full call number Barcode Date last seen Date last borrowed Price effective from Koha item type
    Library of Congress Classification     Non-fiction Bishop Okullu Memorial Library (Limuru Campus) Bishop Okullu Memorial Library (Limuru Campus) General Circulation 15/12/2008 1 BS2555.3.T46 1910 000901 28/11/2023 24/11/2023 15/12/2008 Book